IPO aktivita a venture capital

Vzrast hodnoty IPO v 2. štvrťroku 2012 na maximálnu historickú hodnotu. Bola založená hlavne na IPO spoločnosti Facebook.

Gespeichert in:
Bibliographische Detailangaben
1. Verfasser: Kmeťko, Miroslav, 1969-
Weitere Verfasser: Strižencová, Michaela
Format: Buchkapitel
Sprache:Slowakisch
Schlagworte:
Tags: Tag hinzufügen
Keine Tags, Fügen Sie das erste Tag hinzu!

MARC

LEADER 00000nla a2200000 4500
001 0159727
005 20240502072752.4
041 0 |a slo 
044 |a SK 
245 1 0 |a IPO aktivita a venture capital  |c Miroslav Kmeťko, Michaela Strižencová 
520 |a Vzrast hodnoty IPO v 2. štvrťroku 2012 na maximálnu historickú hodnotu. Bola založená hlavne na IPO spoločnosti Facebook. 
610 2 0 |a kapitál rizikový 
610 2 0 |a hodnota 
610 2 0 |a siete sociálne 
610 2 0 |a spoločnosti 
100 1 |a Kmeťko, Miroslav, 1969- 
700 1 |a Strižencová, Michaela